logo

Bir Sreshtho Munshi Abdur Rouf Library
Jhenaidah Cadet College

Cyber Security Essentials / (Record no. 14254)

MARC details
000 -LEADER
fixed length control field 00681nam a2200253 a 4500
001 - CONTROL NUMBER
JCCL Control Number 14254
003 - CONTROL NUMBER IDENTIFIER
JCCL marc code BD-JhCC
005 - DATE AND TIME OF LATEST TRANSACTION
control field 20250225111051.0
008 - FIXED-LENGTH DATA ELEMENTS--GENERAL INFORMATION
fixed length control field 250225b2011 us a|||| ||a| 000 0 eng d
020 ## - INTERNATIONAL STANDARD BOOK NUMBER
International Standard Book Number 9781439851265
035 ## - SYSTEM CONTROL NUMBER
system control number (BD-JhCC)14254
040 ## - CATALOGING SOURCE
Original cataloging agency BD-JhCC
Modifying agency BD-JhCC
041 ## - LANGUAGE CODE
Language code of Book eng
082 ## - DEWEY DECIMAL CLASSIFICATION NUMBER
Author mark and Year 005.8 CYB 2011
245 ## - TITLE STATEMENT
Title Cyber Security Essentials /
Statement of responsibility, etc Edited: James Graham, Richard Howard, Ryan Olson
260 ## - PUBLICATION, DISTRIBUTION, ETC. (IMPRINT)
Place of publication, distribution, etc New york:
Name of publisher, distributor, etc Auerbach Publications;
Date of publication, distribution, etc 2011.
300 ## - PHYSICAL DESCRIPTION
Pagination 313 p. :
Other physical details ill
Dimensions 26 cm.
650 ## - SUBJECT ADDED ENTRY--TOPICAL TERM
Topical term or geographic name as entry element Cyber Security
700 ## - ADDED ENTRY--PERSONAL NAME
Personal name James Graham,
700 ## - ADDED ENTRY--PERSONAL NAME
Personal name Howard, Richard
700 ## - ADDED ENTRY--PERSONAL NAME
Personal name Olson,Ryan
942 ## - ADDED ENTRY ELEMENTS (KOHA)
Source of classification or shelving scheme Dewey Decimal Classification
Koha item type Books
Holdings
Source of classification or shelving scheme Damaged status Not for loan Home library Current library Shelving location Date of accession Cost, normal purchase price Full call number Barcode Date last seen Copy number Method of acquisition Koha item type Currency
Dewey Decimal Classification     JCC Rouf Library JCC Rouf Library General Stacks   450.00 005.8 CYB 2011 20024 02/25/2025 C-1 Purchase Books BDT

JCC Library | Contacts | JCC Home

Last Update on 23 September 2017
Copyright @ 2017-2020 JCC Rouf Library
Rouf Library, Jhenidah Cadet College (JCC), Bangladesh